Composers (easy) - Statistics

General Stats
  • This quiz has been taken 56 times
  • The average score is 8 of 12
Answer Stats
Hint Answer % Correct
Eine Kleine Nachtmusik Wolfgang Amadeus Mozart
98%
Jesu, Joy of Man's Desiring Johann Sebastian Bach
95%
"Emperor" Piano Concerto Ludwig van Beethoven
93%
The Messiah George Frederick Handel
85%
1812 Overture Pyotr Ilich Tchaikovsky
83%
Finlandia Jean Sibelius
71%
By the Beautiful Blue Danube Johann Strauss (the Younger)
71%
Pomp and Circumstance Marches Edward Elgar
51%
Canon and Gigue in D Major Johann Pachelbel
51%
The Creation Josef Haydn
51%
A Midsummer Night's Dream Felix Mendelssohn
49%
Marche Militaire Franz Schubert
46%
No matching quizzes found
Score Distribution
Percent of People with Each Score
Percentile by Number Answered
Your Score History
You have not taken this quiz